Barcelona-El Prat Airport Destinations (2025) - Statistics

General Stats
  • This quiz has been taken 112 times
  • The average score is 148 of 213
Answer Stats
Country City % Correct
China Beijing
99%
Canada Toronto
99%
Belgium Brussels
97%
Argentina Buenos Aires
97%
China Shanghai
97%
Algeria Algiers
96%
Austria Vienna
96%
Denmark Copenhagen
94%
Canada Montreal
94%
Brazil Sao Paulo
94%
Bulgaria Sofia
94%
Croatia Zagreb
94%
Egypt Cairo
93%
Chile Santiago
93%
Spain Santiago de Compostela
93%
Albania Tirana
93%
Azerbaijan Baku
92%
France Paris
92%
Czech Republic Prague
92%
Cape Verde Sal
92%
Greece Athens
90%
Germany Berlin
90%
Colombia Bogota
90%
Finland Helsinki
90%
China Hong Kong
90%
France Lyon
90%
Germany Frankfurt
89%
Germany Hamburg
89%
Hungary Budapest
88%
Ireland Dublin
88%
France Marseille
88%
Croatia Split
88%
Netherlands Amsterdam
86%
Mexico Mexico City
86%
Germany Munich
86%
France Nice
86%
Norway Oslo
86%
Austria Salzburg
86%
France Bordeaux
85%
Romania Bucharest
85%
Turkey Istanbul
85%
Portugal Lisbon
85%
Luxembourg Luxembourg
85%
Italy Milan
85%
Portugal Porto
85%
South Korea Seoul
85%
Spain Seville
85%
Poland Warsaw
85%
Armenia Yerevan
85%
United Arab Emirates Dubai
83%
Spain Ibiza
83%
United Kingdom London
83%
Spain Madrid
83%
Spain Malaga
83%
Iceland Reykjavik
83%
Netherlands Rotterdam
83%
Singapore Singapore
83%
Estonia Tallinn
83%
Switzerland Zurich
83%
United Arab Emirates Abu Dhabi
82%
Serbia Belgrade
82%
Spain Bilbao
82%
Morocco Casablanca
82%
Saudi Arabia Riyadh
82%
Sweden Stockholm
82%
France Toulouse
82%
Italy Turin
82%
Germany Cologne
81%
Qatar Doha
81%
Croatia Dubrovnik
81%
Germany Dusseldorf
81%
United Kingdom Manchester
81%
Italy Rome
81%
Spain Tenerife
81%
Spain Valencia
81%
Spain Alicante
79%
Lebanon Beirut
79%
Switzerland Geneva
79%
Poland Krakow
79%
Morocco Marrakesh
79%
Italy Naples
79%
United States New York
79%
Spain Palma de Mallorca
79%
United Kingdom Birmingham
78%
United Kingdom Edinburgh
78%
Saudi Arabia Jeddah
78%
Kuwait Kuwait City
78%
Morocco Rabat
78%
Latvia Riga
78%
Israel Tel Aviv
78%
Italy Venice
78%
Lithuania Vilnius
78%
Jordan Amman
76%
Norway Bergen
76%
Ireland Cork
76%
United States Los Angeles
76%
Spain Menorca
76%
Portugal Faro
75%
Italy Florence
75%
United Kingdom Glasgow
75%
United States Miami
75%
Germany Stuttgart
75%
Greece Thessaloniki
75%
United States Washington D.C.
75%
Canada Calgary
74%
Mexico Cancun
74%
Moldova Chisinau
74%
Malta Malta
74%
France Nantes
74%
Italy Palermo
74%
Italy Bari
72%
United States Boston
72%
Spain Gran Canaria
72%
United Kingdom Newcastle
72%
France Strasbourg
72%
Switzerland Basel
71%
United Kingdom Belfast
71%
Italy Catania
71%
United Kingdom Leeds
71%
United Kingdom Liverpool
71%
United States San Francisco
71%
Spain A Coruna
69%
United States Atlanta
69%
United States Chicago
69%
Senegal Dakar
69%
United States Dallas
69%
Poland Gdansk
69%
Germany Hannover
69%
Turkey Izmir
69%
Greece Mykonos
69%
China Shenzhen
69%
North Macedonia Skopje
69%
United Kingdom Bristol
68%
Italy Cagliari
68%
Belgium Charleroi
68%
Spain Fuerteventura
68%
Italy Genoa
68%
Cyprus Larnaca
68%
France Lille
68%
Germany Nuremberg
68%
Italy Bologna
67%
Morocco Fez
67%
Sweden Gothenburg
67%
Spain Lanzarote
67%
Spain Murcia
67%
Spain San Sebastian
67%
Poland Wroclaw
67%
Greece Santorini
65%
Spain Granada
64%
United States Philadelphia
64%
Italy Pisa
64%
Denmark Aalborg
63%
Egypt Luxor
63%
United States Newark
63%
Algeria Oran
63%
Spain Vigo
63%
Croatia Zadar
63%
Greece Corfu
61%
Netherlands Eindhoven
61%
Dominican Republic Punta Cana
61%
Spain Santander
61%
Italy Verona
61%
Italy Bergamo
60%
Greece Heraklion
60%
Morocco Tangier
60%
Spain Almeria
58%
Portugal Funchal
58%
Poland Katowice
58%
Mauritius Mauritius
58%
Denmark Billund
57%
Norway Tromso
57%
Romania Cluj-Napoca
56%
Portugal Ponta Delgada
54%
France Brest
53%
Spain Jerez
53%
Italy Olbia
53%
Finland Rovaniemi
53%
Egypt Sharm El Sheikh
53%
Romania Timisoara
51%
Spain Valladolid
51%
Gambia Banjul
50%
Spain La Palma
50%
Norway Stavanger
50%
Spain Asturias
49%
Italy Ancona
47%
Spain Pamplona
47%
Italy Alghero
46%
Spain Badajoz
46%
Netherlands Maastricht
44%
Spain Melilla
44%
France Bastia
40%
Romania Iasi
40%
Spain Leon
40%
Georgia Kutaisi
39%
Italy Perugia
39%
Italy Trieste
39%
Morocco Oujda
38%
Morocco Tetouan
38%
United Kingdom East Midlands
36%
Romania Brasov
35%
Morocco Nador
33%
Italy Reggio Calabria
29%
Romania Bacau
25%
Romania Craiova
24%
Cuba Santa Clara
22%
Norway Sandefjord
21%
Morocco Ouarzazate
19%
Italy Comiso
18%
Denmark Vagar
18%
France Poitiers
14%
Honduras Comayagua
10%
Germany Hanh
7%
France Beuvais
1%
No matching quizzes found
Score Distribution
Percent of People with Each Score
Percentile by Number Answered
Your Score History
You have not taken this quiz